000 00374nam a22001577a 4500
003 MPLRDC
005 20220104113719.0
008 210129b ||||| |||| 00| 0 eng d
082 _a848.3 NK
100 _a倪匡著
245 _a倪匡眼中一百个女名人
_c
260 _a
_b利文出版社
_c1986
300 _b
650 _a现代别集
942 _cBK
_o848.3 NK
999 _c1775
_d1765